[Event "II Trofeo Giorgio Porreca"]
[Site "Napoli ITA"]
[Date "2012.10.18"]
[Round "5"]
[White "Iodice, Vincenzo"]
[Black "Ceglio, Fulvio"]
[WhiteElo "1673"]
[BlackElo "1996"]
[Result "1/2-1/2"]
[PlyCount "98"]
[EventDate "2012.09.20"]

1. e4 e6 2. d4 d5 3. Nc3 Bb4 4. e5 c5 5. Bd2 Ne7 6. Nb5 O-O 7. Bxb4 cxb4 8. Bd3
f6 9. f4 Nbc6 10. Nf3 Bd7 11. Nd6 Qb6 12. O-O f5 13. Be2 Nc8 14. Nxc8 Rfxc8 15.
c4 bxc3 16. bxc3 Na5 17. Qd3 Nc4 18. Rab1 Qc7 19. Rfc1 a5 20. Nd2 b5 21. Nxc4
bxc4 22. Qd1 a4 23. Rb4 Rcb8 24. Rcb1 h6 25. a3 Kh7 26. R1b2 Rxb4 27. Rxb4 Qd8
28. g3 Ra7 29. Qb1 Be8 30. Rb8 Qe7 31. Qb6 Bf7 32. Qb4 Qxb4 33. Rxb4 g5 34. Bd1
Be8 35. Kf2 gxf4 36. gxf4 Kg6 37. Rb6 Bd7 38. Kg3 Kg7 39. Kh4 Kf7 40. Bh5+ Kg7
41. Rb2 Kh7 42. Bf7 Kg7 43. Bh5 Kh7 44. Rb8 Kg7 45. Bd1 Kf7 46. Kh5 Kg7 47. Rb2
Kh7 48. Rb8 Kg7 49. Rb2 Kh7 1/2-1/2

[Event "II Trofeo Giorgio Porreca"]
[Site "Napoli ITA"]
[Date "2012.10.18"]
[Round "5"]
[White "Rosato, Luciano"]
[Black "Solombrino, Giovanni"]
[WhiteElo "2229"]
[BlackElo "1838"]
[Result "1/2-1/2"]
[PlyCount "152"]
[EventDate "2012.09.20"]

1. d4 d5 2. Nf3 Nf6 3. e3 Bf5 4. c4 c6 5. Nc3 e6 6. Qb3 Qb6 7. c5 Qxb3 8. axb3
Nbd7 9. b4 Be7 10. b5 O-O 11. bxc6 bxc6 12. Ra6 Nb8 13. Ra3 Nbd7 14. Be2 Ne4
15. Nxe4 Bxe4 16. Bd2 Rfb8 17. Bc3 g5 18. O-O Bxf3 19. Bxf3 f5 20. Ra6 Rc8 21.
Rfa1 Rc7 22. b4 Nf6 23. Be2 Ne4 24. Be1 Kf7 25. R1a4 f4 26. Bh5+ Kf8 27. Bg4
fxe3 28. fxe3 e5 29. dxe5 Kg7 30. Ra1 Kg6 31. Be6 Kg7 32. Rxc6 Rxc6 33. Bxd5
Nxc5 34. bxc5 Rcc8 35. Bxa8 Rxa8 36. c6 Kf7 37. Rc1 Ke6 38. c7 Rc8 39. Ba5 Kxe5
40. Kf2 Ke6 41. Kf3 Kd7 42. Rd1+ Kc6 43. Rd8 Kb7 44. Rd7 Ka6 45. Rxe7 Kxa5 46.
Ke4 Kb6 47. Rxh7 a5 48. Rh6+ Kb5 49. Rg6 Rxc7 50. Rxg5+ Kb4 51. Rg8 a4 52. Ra8
Rc5 53. Kd4 Rc2 54. Rb8+ Ka3 55. g4 Rxh2 56. g5 Rg2 57. Rb5 Ka2 58. Ke4 a3 59.
Kf5 Ka1 60. g6 Rf2+ 61. Ke5 Rg2 62. Rb6 a2 63. e4 Rb2 64. g7 Rxb6 65. g8=Q Kb2
66. Qg2+ Ka3 67. Qf1 Rb1 68. Qa6+ Kb2 69. Qb5+ Ka3 70. Qc5+ Kb2 71. Qb4+ Kc2
72. Qc4+ Kb2 73. Qe2+ Ka3 74. Qd3+ Kb2 75. Qe2+ Ka3 76. Qe3+ Ka4 1/2-1/2

[Event "II Trofeo Giorgio Porreca"]
[Site "Napoli ITA"]
[Date "2012.10.18"]
[Round "5"]
[White "Seletsky, Grigory"]
[Black "Esposito, Luca"]
[WhiteElo "2348"]
[BlackElo "2256"]
[Result "1-0"]
[PlyCount "85"]
[EventDate "2012.09.20"]

1. e4 c5 2. Nf3 e6 3. Nc3 Nc6 4. Bb5 Nd4 5. Bd3 Ne7 6. Nxd4 cxd4 7. Ne2 Nc6 8.
O-O Bc5 9. c3 a6 10. b4 Ba7 11. Bb2 dxc3 12. dxc3 O-O 13. a3 d6 14. c4 e5 15.
Kh1 Be6 16. Rc1 Rc8 17. Qd2 Qh4 18. f3 h6 19. g3 Qh5 20. Ng1 Nd4 21. Qg2 Rc7
22. f4 Rfc8 23. fxe5 dxe5 24. c5 Rd7 25. Bxd4 Rxd4 26. Be2 Bg4 27. Bc4 Rc7 28.
Bd5 Kh7 29. Rc3 a5 30. Nf3 axb4 31. axb4 Rxb4 32. Ng1 Bxc5 33. Qc2 b6 34. Qd3
Rb2 35. h4 Ra7 36. Rc2 Rxc2 37. Qxc2 Bd4 38. Kg2 Qg6 39. Nf3 Bxf3+ 40. Rxf3 Ra1
41. Qc8 Rg1+ 42. Kh2 Bf2 43. Bxf7 1-0

[Event "II Trofeo Giorgio Porreca"]
[Site "Napoli ITA"]
[Date "2012.10.18"]
[Round "5"]
[White "Sgammato, Francesco"]
[Black "Taurisano, Vincenzo"]
[WhiteElo "1715"]
[BlackElo "1852"]
[Result "0-1"]
[PlyCount "108"]
[EventDate "2012.09.20"]

1. c4 Nf6 2. Nc3 c5 3. Nf3 Nc6 4. d4 cxd4 5. Nxd4 Nxd4 6. Qxd4 d6 7. e4 e6 8.
e5 dxe5 9. Qxd8+ Kxd8 10. Bg5 Be7 11. O-O-O+ Bd7 12. Be2 Kc7 13. Rd2 Bc6 14. f3
Rhd8 15. Rhd1 Rxd2 16. Bxd2 Rd8 17. Bg5 Rxd1+ 18. Kxd1 Bc5 19. Bd3 h6 20. Bh4
Bd4 21. Kc2 Bxc3 22. Kxc3 Nh5 23. b4 b6 24. Bf2 Nf4 25. Bf1 e4 26. g3 Ng6 27.
f4 Ne7 28. g4 g5 29. Bd4 Ng8 30. fxg5 hxg5 31. Be5+ Kd7 32. b5 Ba8 33. Bd4 f6
34. a4 e5 35. Be3 Ne7 36. Kb4 Kc7 37. a5 Bb7 38. Be2 Ng6 39. h3 Nf4 40. Bf1 Ne6
41. c5 bxc5+ 42. Bxc5 Nxc5 43. Kxc5 e3 44. b6+ axb6+ 45. axb6+ Kb8 46. Be2 Bg2
47. Kd6 e4 48. Ke6 Bf3 49. Kf5 Bxe2 50. Kxe4 Bf1 51. Kxe3 Bxh3 52. Kf3 Kb7 53.
Kg3 Bf1 54. Kf2 Bb5 0-1

[Event "II Trofeo Giorgio Porreca"]
[Site "Napoli ITA"]
[Date "2012.10.18"]
[Round "5"]
[White "Somma, Andrea"]
[Black "Di Gennaro, Antonio"]
[WhiteElo "1863"]
[BlackElo "1666"]
[Result "1-0"]
[PlyCount "43"]
[EventDate "2012.09.20"]

1. e4 c5 2. Nf3 d6 3. d4 cxd4 4. Nxd4 Nf6 5. Nc3 a6 6. Bc4 e6 7. Bb3 Nbd7 8.
Be3 Nc5 9. f3 Be7 10. Qd2 Bd7 11. g4 Nxb3 12. Nxb3 O-O 13. O-O-O b5 14. Kb1 Rb8
15. g5 Ne8 16. h4 g6 17. h5 a5 18. Qh2 Bxg5 19. hxg6 h6 20. f4 fxg6 21. fxg5 h5
22. Rhg1 1-0

[Event "II Trofeo Giorgio Porreca"]
[Site "Napoli ITA"]
[Date "2012.10.18"]
[Round "5"]
[White "Tesone, Crescenzo"]
[Black "Lombardo, Claudio"]
[WhiteElo "1832"]
[BlackElo "1876"]
[Result "1-0"]
[PlyCount "55"]
[EventDate "2012.09.20"]

1. e4 c5 2. Nf3 Nc6 3. d4 cxd4 4. Nxd4 Qc7 5. Nc3 a6 6. Nxc6 dxc6 7. Bd3 e6 8.
O-O Nf6 9. f4 Be7 10. Be3 O-O 11. Qf3 b5 12. b3 Bb7 13. Qh3 g6 14. f5 e5 15.
Bh6 Rfe8 16. fxg6 fxg6 17. Kh1 Bc8 18. Qg3 Qd6 19. Rad1 Qe6 20. h3 Bf8 21. Bxf8
Rxf8 22. Rf5 Nd7 23. Rxf8+ Nxf8 24. Be2 Qe7 25. a4 Ne6 26. Qxe5 Qb4 27. Bg4 Qc5
28. Bxe6+ 1-0

[Event "II Trofeo Giorgio Porreca"]
[Site "Napoli ITA"]
[Date "2012.10.18"]
[Round "5"]
[White "Zinnai, Graziano Matteo"]
[Black "De Rosa, Francesco"]
[WhiteElo "2008"]
[BlackElo "1933"]
[Result "1-0"]
[PlyCount "99"]
[EventDate "2012.09.20"]

1. e4 c5 2. Nf3 e6 3. d3 Nc6 4. c3 g6 5. g3 Bg7 6. Qe2 d6 7. Bg2 Nge7 8. O-O
O-O 9. Nbd2 Qc7 10. Re1 Rb8 11. a4 a6 12. Nb3 e5 13. Be3 Be6 14. Qc2 b5 15.
axb5 axb5 16. Ng5 Bxb3 17. Qxb3 b4 18. Qc2 h6 19. Nf3 Rb7 20. Nd2 Rfb8 21. Nc4
Kh7 22. Qe2 bxc3 23. bxc3 Rb3 24. Qc2 f5 25. Reb1 Rxb1+ 26. Rxb1 Rxb1+ 27. Qxb1
fxe4 28. dxe4 Nc8 29. Bh3 Bf8 30. f4 exf4 31. gxf4 Bg7 32. Qd3 N6e7 33. f5 gxf5
34. exf5 Kh8 35. Bf4 Qa7 36. Qe3 Qa1+ 37. Kg2 Qa2+ 38. Nd2 Qg8 39. Bg3 Nd5 40.
Qf3 Be5 41. Ne4 Nf4+ 42. Kh1 Nxh3 43. Bxe5+ dxe5 44. Qxh3 Qf8 45. f6 Nb6 46.
Qh5 Nc4 47. Qg6 Ne3 48. h3 c4 49. Kh2 Nd5 50. Nd6 1-0

[Event "II Trofeo Giorgio Porreca"]
[Site "Napoli ITA"]
[Date "2012.10.25"]
[Round "6"]
[White "Ambrosio, Giuseppe"]
[Black "Auletta, Angelo"]
[WhiteElo "2084"]
[BlackElo "2190"]
[Result "0-1"]
[PlyCount "88"]
[EventDate "2012.09.20"]

1. d4 Nf6 2. Bg5 e6 3. e4 h6 4. Bxf6 Qxf6 5. c3 d6 6. Bd3 e5 7. Ne2 g6 8. O-O
Bg7 9. f4 Qe7 10. Nd2 O-O 11. Nf3 c5 12. Kh1 Nc6 13. d5 Nb8 14. fxe5 dxe5 15.
Rb1 Nd7 16. Nd2 Nf6 17. Qe1 Bd7 18. b4 b6 19. Qg3 Ne8 20. a3 Rc8 21. Rbc1 h5
22. Nf3 c4 23. Bc2 b5 24. Ra1 Nd6 25. Qf2 Rc7 26. Qe3 Qe8 27. a4 bxa4 28. Ra2
f5 29. exf5 Nxf5 30. Qe4 Ne7 31. Ng3 Rf4 32. d6 Rxe4 33. Nxe4 Rc8 34. dxe7 Qxe7
35. Nfg5 Rf8 36. Raa1 Bc6 37. h4 Bh6 38. Rxf8+ Qxf8 39. Kg1 Qf4 40. Rf1 Qe3+
41. Kh1 Bxe4 42. Nxe4 Bf4 43. g3 Bxg3 44. Nf6+ Kh8 0-1

[Event "II Trofeo Giorgio Porreca"]
[Site "Napoli ITA"]
[Date "2012.10.25"]
[Round "6"]
[White "Avolio, Giovanni"]
[Black "Somma, Andrea"]
[WhiteElo "1899"]
[BlackElo "1863"]
[Result "0-1"]
[PlyCount "82"]
[EventDate "2012.09.20"]

1. c4 c6 2. Nf3 Nf6 3. g3 d5 4. Bg2 e6 5. O-O g6 6. b3 Bg7 7. Bb2 O-O 8. d3
Nbd7 9. Nbd2 Qc7 10. Qc2 b6 11. Rac1 c5 12. cxd5 exd5 13. e4 dxe4 14. dxe4 Bb7
15. e5 Ng4 16. Rfe1 Rae8 17. Nc4 Ngxe5 18. Nfxe5 Nxe5 19. Bxb7 Nxc4 20. Bxg7
Kxg7 21. Bg2 Nd6 22. Red1 Nf5 23. Bh3 Nd6 24. Qd2 Rd8 25. Qf4 Nb5 26. Qc4 Rxd1+
27. Rxd1 Nd6 28. Qd5 Rd8 29. Bg2 Nb7 30. Qf3 Rxd1+ 31. Qxd1 Nd6 32. Qd3 Kg8 33.
Qd5 b5 34. a3 c4 35. Qd1 c3 36. Qc2 Nf5 37. Bf1 Nd4 38. Qc1 Nxb3 39. Qc2 Nd4
40. Qc1 c2 41. Bd3 Qc3 0-1

[Event "II Trofeo Giorgio Porreca"]
[Site "Napoli ITA"]
[Date "2012.10.25"]
[Round "6"]
[White "Buonanno, Raffaele"]
[Black "Colucci, Stefano"]
[WhiteElo "1437"]
[BlackElo "1871"]
[Result "0-1"]
[PlyCount "62"]
[EventDate "2012.09.20"]

1. Nf3 d5 2. g3 c6 3. Bg2 Nf6 4. b4 Bf5 5. Bb2 e6 6. O-O Bxb4 7. c3 Bd6 8. Na3
Nbd7 9. Rb1 Bxb1 10. Qxb1 O-O 11. c4 Qe7 12. Bxf6 Nxf6 13. Nc2 Rfd8 14. cxd5
exd5 15. Re1 Ne4 16. d3 Nc3 17. Qb2 Qf6 18. Ncd4 Na4 19. Qxb7 c5 20. Nc6 Re8
21. Nxa7 Reb8 22. Qd7 Nb6 23. Qc6 Rxa7 24. Ng5 Rc7 25. Qb5 Qxg5 26. Rb1 Nd7 27.
Qa6 Rxb1+ 28. Bf1 Qc1 29. Kg2 Qxf1+ 30. Kf3 Ne5+ 31. Ke3 Qc1# 0-1

[Event "II Trofeo Giorgio Porreca"]
[Site "Napoli ITA"]
[Date "2012.10.25"]
[Round "6"]
[White "Caiazzo, Diego"]
[Black "Cosenza, Gianni"]
[WhiteElo "1845"]
[BlackElo "1957"]
[Result "0-1"]
[PlyCount "72"]
[EventDate "2012.09.20"]

1. Nf3 d5 2. b3 Bg4 3. Bb2 e6 4. e3 Nd7 5. Be2 Ngf6 6. h3 Bh5 7. O-O Bd6 8. d4
Qe7 9. Nbd2 O-O 10. c4 c6 11. Ne5 Bxe2 12. Qxe2 c5 13. Nxd7 Nxd7 14. cxd5 exd5
15. dxc5 Nxc5 16. Nf3 Ne4 17. Rfd1 Rad8 18. Bd4 Bb8 19. Qb2 f6 20. Rac1 Qd6 21.
b4 Rfe8 22. a4 Rd7 23. Rc2 h6 24. Rdc1 Ng5 25. Ne1 Kf7 26. Rc8 Rdd8 27. Rxd8
Rxd8 28. Qc3 Ne4 29. Qc2 Qh2+ 30. Kf1 Qh1+ 31. Ke2 Qg1 32. f3 Ng3+ 33. Kd1 Nf5
34. Qd2 Bg3 35. Rc2 Nxd4 36. exd4 Re8 0-1

[Event "II Trofeo Giorgio Porreca"]
[Site "Napoli ITA"]
[Date "2012.10.25"]
[Round "6"]
[White "Ceglio, Fulvio"]
[Black "Schiappoli, Dario"]
[WhiteElo "1996"]
[BlackElo "1960"]
[Result "0-1"]
[PlyCount "65"]
[EventDate "2012.09.20"]

1. d4 Nf6 2. c4 e5 3. dxe5 Ng4 4. Nf3 Nc6 5. Bd2 Bc5 6. e3 Ngxe5 7. Nxe5 Nxe5
8. Bc3 Qe7 9. a3 a5 10. Nd2 Ra6 11. Nb3 Bxe3 12. Be2 Ba7 13. O-O Rh6 14. c5 O-O
15. Qd4 d6 16. cxd6 cxd6 17. Qxa7 Qh4 18. Bxe5 dxe5 19. f3 Qxh2+ 20. Kf2 Qh4+
21. Kg1 b6 22. Qc7 Qh2+ 23. Kf2 Bh3 24. Rg1 Rg6 25. Bf1 Rc8 26. Qe7 Rc2+ 27.
Ke1 h6 28. Qd8+ Kh7 29. Qd3 Rxb2 30. Nd2 Qxg1 31. gxh3 f5 32. Kd1 Qf2 33. Be2
0-1

[Event "II Trofeo Giorgio Porreca"]
[Site "Napoli ITA"]
[Date "2012.10.25"]
[Round "6"]
[White "De Rosa, Francesco"]
[Black "Rosato, Luciano"]
[WhiteElo "1933"]
[BlackElo "2229"]
[Result "0-1"]
[PlyCount "80"]
[EventDate "2012.09.20"]

1. d4 d6 2. c4 e5 3. d5 f5 4. Nf3 Nf6 5. Nc3 Be7 6. g3 O-O 7. Bg2 c5 8. dxc6
bxc6 9. O-O Be6 10. Qa4 Ne4 11. Nxe4 fxe4 12. Ne1 d5 13. Bd2 Qd6 14. Nc2 Nd7
15. Bb4 c5 16. cxd5 Nb6 17. Qa5 Bg4 18. Ba3 Bxe2 19. Rfe1 Bf3 20. Ne3 Bxg2 21.
Kxg2 Nxd5 22. Nxd5 Qxd5 23. Rad1 Qc6 24. Kg1 Rf7 25. Qc3 c4 26. Bxe7 Rxe7 27.
Qe3 Rb8 28. Rd2 Rd7 29. Rxd7 Qxd7 30. Qxe4 Qd4 31. Qc6 h6 32. Qe6+ Kh8 33. Rxe5
Qxb2 34. Rc5 Rf8 35. Qe1 Qxa2 36. Ra5 Qb2 37. Rxa7 Qb6 38. Ra3 Qc6 39. h4 Re8
40. Qd1 c3 0-1

[Event "II Trofeo Giorgio Porreca"]
[Site "Napoli ITA"]
[Date "2012.10.25"]
[Round "6"]
[White "Di Meo, Antonio"]
[Black "Tesone, Crescenzo"]
[WhiteElo "1928"]
[BlackElo "1832"]
[Result "0-1"]
[PlyCount "108"]
[EventDate "2012.09.20"]

1. b3 e5 2. Bb2 Nc6 3. e3 Nf6 4. Nf3 d6 5. Be2 Be7 6. c4 Bf5 7. a3 h6 8. d3 a5
9. Nc3 O-O 10. O-O Re8 11. Nd5 Bf8 12. Qd2 Nb8 13. Nxf6+ Qxf6 14. d4 Nd7 15.
Ne1 Qg6 16. f4 e4 17. Qd1 Nf6 18. Kh1 d5 19. c5 h5 20. Bc3 b6 21. cxb6 cxb6 22.
Nc2 Rac8 23. Be1 Bg4 24. h3 Bxe2 25. Qxe2 Qf5 26. b4 a4 27. b5 Rc4 28. Nb4 Bxb4
29. Bxb4 Rec8 30. Ra2 Qd7 31. Rb2 g6 32. Kh2 Ne8 33. g4 Ng7 34. Rg1 hxg4 35.
hxg4 f6 36. Rg2 Kf7 37. Qd1 f5 38. Rbc2 fxg4 39. Rxc4 Rh8+ 40. Kg1 dxc4 41.
Qxg4 Qxg4 42. Rxg4 Nf5 43. Bd2 Rc8 44. Kf2 c3 45. Bc1 Rh8 46. Rg1 Rh3 47. d5
Nd6 48. Rd1 Kf6 49. Kg2 Rh7 50. Rd4 Ra7 51. Rb4 Ke7 52. Rd4 Ra5 53. Rb4 Kd7 54.
Kg3 Ra8 0-1

[Event "II Trofeo Giorgio Porreca"]
[Site "Napoli ITA"]
[Date "2012.10.25"]
[Round "6"]
[White "Esposito, Luca"]
[Black "Zinnai, Graziano Matteo"]
[WhiteElo "2256"]
[BlackElo "2008"]
[Result "1-0"]
[PlyCount "67"]
[EventDate "2012.09.20"]

1. Nf3 Nf6 2. c4 g6 3. Nc3 Bg7 4. e4 d6 5. d4 O-O 6. Be2 Nbd7 7. O-O e5 8. Re1
c6 9. h3 Nh5 10. Bg5 f6 11. Be3 Nf4 12. Bf1 Qe7 13. Qd2 exd4 14. Nxd4 Ne6 15.
Nxe6 Qxe6 16. Rad1 Ne5 17. b3 Nf7 18. c5 dxc5 19. Bxc5 Re8 20. Bc4 Qe5 21. Nd5
b5 22. f4 Qh5 23. Be2 Qh6 24. Nc7 Bxh3 25. Nxe8 Rxe8 26. gxh3 Qxh3 27. Qd3 Qh4
28. Qf3 g5 29. Bf2 Qxf4 30. Qxf4 gxf4 31. Bh5 Re5 32. Bxf7+ Kxf7 33. Rd7+ Kg6
34. Kg2 1-0

[Event "II Trofeo Giorgio Porreca"]
[Site "Napoli ITA"]
[Date "2012.10.25"]
[Round "6"]
[White "Esposito, Rosario"]
[Black "Baccelliere, Antonio"]
[WhiteElo "1844"]
[BlackElo "1434"]
[Result "1-0"]
[PlyCount "33"]
[EventDate "2012.09.20"]

1. d4 d5 2. c4 e6 3. Nc3 Nf6 4. Bg5 Bb4 5. e3 h6 6. Bxf6 Qxf6 7. Nf3 Nc6 8. Be2
O-O 9. Qb3 Bxc3+ 10. Qxc3 Re8 11. O-O Ne7 12. Rac1 c6 13. Ne5 Qf5 14. Bd3 Qh5
15. Qc2 f6 16. Bh7+ Kh8 17. g4 1-0

[Event "II Trofeo Giorgio Porreca"]
[Site "Napoli ITA"]
[Date "2012.10.25"]
[Round "6"]
[White "Gallo, Thomas Renato"]
[Black "Seletsky, Grigory"]
[WhiteElo "1893"]
[BlackElo "2348"]
[Result "0-1"]
[PlyCount "60"]
[EventDate "2012.09.20"]

1. d4 c5 2. d5 e5 3. c4 d6 4. e4 Be7 5. Nf3 Nf6 6. Nc3 O-O 7. Bd3 Ne8 8. a3 Bg4
9. b3 Nd7 10. h3 Bxf3 11. Qxf3 Bg5 12. Bb2 a6 13. Nd1 Nc7 14. h4 Bh6 15. Ne3
Bxe3 16. Qxe3 b5 17. f4 bxc4 18. Bxc4 Qe7 19. f5 Nb5 20. g4 Nd4 21. Kd2 Nb6 22.
Rh3 Nxc4+ 23. bxc4 Rfb8 24. Bxd4 cxd4 25. Qg5 f6 26. Qh5 Rb2+ 27. Kc1 Qb7 28.
Rd3 Rb8 29. g5 Rb1+ 30. Rxb1 Qxb1+ 0-1

[Event "II Trofeo Giorgio Porreca"]
[Site "Napoli ITA"]
[Date "2012.10.25"]
[Round "6"]
[White "Iodice, Vincenzo"]
[Black "Vannini, Aldo"]
[WhiteElo "1673"]
[BlackElo "1778"]
[Result "0-1"]
[PlyCount "120"]
[EventDate "2012.09.20"]

1. e4 e6 2. d4 d5 3. Nc3 dxe4 4. Nxe4 Bd7 5. Nf3 Bc6 6. Bd3 Nd7 7. O-O Ngf6 8.
Ng3 Be7 9. Re1 Bxf3 10. Qxf3 c6 11. c3 O-O 12. Bf4 Re8 13. a4 a5 14. Rad1 Nf8
15. h3 Ng6 16. Be5 Rc8 17. Ne4 Nd5 18. c4 Nb4 19. Bb1 f5 20. Nc5 Bxc5 21. dxc5
Nxe5 22. Rxe5 Qf6 23. Rde1 g6 24. Qe3 Na6 25. Qd2 Rcd8 26. Qxa5 Nb8 27. Qb4 Rd7
28. Qc3 Rde7 29. b4 f4 30. Qc1 Qh4 31. R5e4 e5 32. Qd1 Nd7 33. Qd6 Qg5 34. Qd1
Nf6 35. b5 Rd7 36. Qf3 Nxe4 37. Bxe4 Rd4 38. bxc6 bxc6 39. Bxc6 Qe7 40. Bxe8
Qxe8 41. Qb7 Rxc4 42. Qd5+ Qf7 43. Rxe5 Qxd5 44. Rxd5 Rxa4 45. Kf1 Rc4 46. Ke2
Kf7 47. Kd3 Rc1 48. Ke4 Rc4+ 49. Ke5 Ke7 50. Rd4 Rxc5+ 51. Kxf4 Rf5+ 52. Ke3
Ra5 53. f4 Ra3+ 54. Kf2 h5 55. Ke2 Rg3 56. Kf2 Ra3 57. Re4+ Kf6 58. Re3 Ra2+
59. Re2 Ra3 60. Re3 Ra2+ 0-1

[Event "II Trofeo Giorgio Porreca"]
[Site "Napoli ITA"]
[Date "2012.10.25"]
[Round "6"]
[White "Lettieri, Giuseppe"]
[Black "Messina, Enrico"]
[WhiteElo "2370"]
[BlackElo "2219"]
[Result "1-0"]
[PlyCount "75"]
[EventDate "2012.09.20"]

1. c4 e5 2. g3 Nc6 3. Nc3 g6 4. Bg2 Bg7 5. e4 d6 6. Nge2 Nge7 7. d3 Bg4 8. f3
Be6 9. Nd5 O-O 10. O-O Qd7 11. Be3 Nd4 12. Nxd4 exd4 13. Bg5 f6 14. Bd2 Rae8
15. b4 Bxd5 16. cxd5 c6 17. Qa4 Rd8 18. dxc6 bxc6 19. Rac1 h6 20. f4 f5 21.
exf5 Qxf5 22. Be4 Qg4 23. Qxa7 Rd7 24. Qa4 d5 25. Bf3 Qf5 26. Qb3 Ra7 27. a4
Rfa8 28. a5 Rb8 29. g4 Qf6 30. Qd1 Bf8 31. Qe2 Nc8 32. Qe8 Ra6 33. Rfe1 Qf7 34.
Rxc6 Qxe8 35. Rxe8 Rxc6 36. Bxd5+ Kg7 37. Bxc6 Kf7 38. a6 1-0

[Event "II Trofeo Giorgio Porreca"]
[Site "Napoli ITA"]
[Date "2012.10.25"]
[Round "6"]
[White "Lombardo, Claudio"]
[Black "Farina, Walter"]
[WhiteElo "1876"]
[BlackElo "1639"]
[Result "0-1"]
[PlyCount "104"]
[EventDate "2012.09.20"]

1. d4 f5 2. Nf3 Nf6 3. c4 g6 4. Nc3 Bg7 5. Bf4 d6 6. e3 O-O 7. h3 Qe8 8. Bd3 c6
9. Qc2 Na6 10. a3 Nd7 11. d5 Ne5 12. O-O-O Nxd3+ 13. Qxd3 Nc5 14. Qc2 b5 15.
cxb5 cxb5 16. Nd4 Bd7 17. Qe2 a6 18. g4 Rc8 19. Kb1 Qd8 20. gxf5 Bxf5+ 21. Nxf5
Rxf5 22. Bg3 Qa5 23. e4 Rh5 24. e5 Bxe5 25. Bxe5 Rxe5 26. Qg4 Rf8 27. Rhe1 Rxe1
28. Rxe1 Qc7 29. Qg5 Rf6 30. h4 Qd7 31. Ne4 Nxe4 32. Rxe4 Kg7 33. Qe3 Qf5 34.
Ka1 Qxd5 35. Rxe7+ Rf7 36. Re8 Qh1+ 37. Ka2 Qxh4 38. Qc3+ Qf6 39. Qc8 Qxf2 40.
Rg8+ Kh6 41. Qxa6 Qf1 42. Qc6 Rf6 43. Rc8 g5 44. Qc3 Kh5 45. Qg3 Qf4 46. Qd3 h6
47. Qxb5 Qe5 48. a4 Qe6+ 49. Qc4 d5 50. Qc5 d4+ 51. Ka3 Rf3+ 52. b3 Qxb3# 0-1

[Event "II Trofeo Giorgio Porreca"]
[Site "Napoli ITA"]
[Date "2012.10.25"]
[Round "6"]
[White "Sgammato, Francesco"]
[Black "De Meo, Guido"]
[WhiteElo "1715"]
[BlackElo "1816"]
[Result "1-0"]
[PlyCount "49"]
[EventDate "2012.09.20"]

1. c4 c6 2. Nc3 d5 3. cxd5 cxd5 4. d4 e6 5. a3 Nc6 6. Nf3 Nf6 7. Bg5 Be7 8. e3
O-O 9. Be2 Bd7 10. O-O Be8 11. b4 a6 12. Rc1 b5 13. Qd2 h6 14. Bh4 g5 15. Bg3
Nh5 16. Nd1 Nxg3 17. hxg3 Qb6 18. Nb2 a5 19. Nd3 axb4 20. axb4 Ra4 21. Nc5 Rxb4
22. Ne5 Bxc5 23. dxc5 Qa5 24. Nxc6 Bxc6 25. Ra1 1-0

[Event "II Trofeo Giorgio Porreca"]
[Site "Napoli ITA"]
[Date "2012.10.25"]
[Round "6"]
[White "Solombrino, Giovanni"]
[Black "Baltzopoulos, Giorgos"]
[WhiteElo "1838"]
[BlackElo "1941"]
[Result "0-1"]
[PlyCount "104"]
[EventDate "2012.09.20"]

1. e4 c5 2. Nf3 d6 3. d4 cxd4 4. Nxd4 Nf6 5. Nc3 a6 6. Bg5 e6 7. f4 Be7 8. Qf3
Qc7 9. O-O-O Nbd7 10. Bd3 h6 11. Qh3 Nb6 12. Rhe1 Rg8 13. Bh4 g5 14. fxg5 hxg5
15. Bf2 g4 16. Qe3 Nfd5 17. Nxd5 Nxd5 18. Qe2 Nf4 19. Qf1 Bd7 20. Be3 Ng6 21.
Kb1 Ne5 22. Qf2 g3 23. hxg3 Ng4 24. Qe2 Nxe3 25. Qxe3 Qc5 26. Nb3 Qe5 27. Qf4
Rxg3 28. Qxe5 dxe5 29. Re2 O-O-O 30. Rf2 f6 31. Bf1 Bc6 32. Rxd8+ Kxd8 33. Bd3
Re3 34. Re2 Rxe2 35. Bxe2 Bxe4 36. Bf3 Bd5 37. Nd2 f5 38. Bxd5 exd5 39. c3 Kd7
40. Kc2 Ke6 41. c4 e4 42. cxd5+ Kxd5 43. Kd1 Bf6 44. b3 b5 45. Ke2 Kd4 46. Nf1
f4 47. Nd2 Bg5 48. Nb1 Be7 49. a4 Bb4 50. axb5 axb5 51. Nd2 Bxd2 52. Kxd2 b4
0-1

[Event "II Trofeo Giorgio Porreca"]
[Site "Napoli ITA"]
[Date "2012.10.25"]
[Round "6"]
[White "Taurisano, Vincenzo"]
[Black "Grasso, Nino"]
[WhiteElo "1852"]
[BlackElo "2058"]
[Result "0-1"]
[PlyCount "34"]
[EventDate "2012.09.20"]

1. e4 e5 2. Bc4 Nf6 3. Nc3 Nxe4 4. Nxe4 d5 5. Bd3 dxe4 6. Bxe4 f5 7. Bf3 Bc5 8.
Nh3 O-O 9. d3 f4 10. Bg4 f3 11. Bg5 Bxg4 12. Bxd8 fxg2 13. Qxg4 gxh1=Q+ 14. Ke2
Qxa1 15. Qc4+ Kh8 16. Qxc5 Nd7 17. Qc4 Raxd8 0-1

[Event "II Trofeo Giorgio Porreca"]
[Site "Napoli ITA"]
[Date "2012.11.08"]
[Round "7"]
[White "Avolio, Giovanni"]
[Black "Sgammato, Francesco"]
[WhiteElo "1899"]
[BlackElo "1715"]
[Result "0-1"]
[PlyCount "84"]
[EventDate "2012.09.20"]

1. c4 e6 2. Nf3 Nf6 3. g3 d5 4. Bg2 Be7 5. O-O O-O 6. b3 b6 7. Bb2 Bb7 8. d3
Nbd7 9. Nbd2 c5 10. cxd5 exd5 11. d4 Re8 12. Re1 Bf8 13. Rc1 Rc8 14. Rc2 Rc7
15. Qc1 h6 16. dxc5 bxc5 17. Nd4 a6 18. b4 c4 19. a3 Nb6 20. e4 Na4 21. e5 Nxb2
22. Qxb2 Rce7 23. f4 Qc8 24. N2f3 Ne4 25. Ne2 Rc7 26. Nc3 Nxc3 27. Qxc3 Bc6 28.
Nd4 Ba4 29. Rcc1 Qb7 30. Rb1 Bb3 31. Nxb3 cxb3 32. Qxb3 Qb6+ 33. Qe3 d4 34. Qf2
Rc3 35. Red1 Re3 36. Qb2 d3 37. Kh1 Re2 38. Rd2 Qf2 39. Rxe2 dxe2 40. Qc3 Rd8
41. Qe1 Qxe1+ 42. Rxe1 Rd1 0-1

[Event "II Trofeo Giorgio Porreca"]
[Site "Napoli ITA"]
[Date "2012.11.08"]
[Round "7"]
[White "Baltzopoulos, Giorgos"]
[Black "Lettieri, Giuseppe"]
[WhiteElo "1941"]
[BlackElo "2370"]
[Result "0-1"]
[PlyCount "80"]
[EventDate "2012.09.20"]

1. e4 e5 2. Nf3 Nc6 3. Bb5 a6 4. Ba4 Nf6 5. O-O Be7 6. Re1 b5 7. Bb3 d6 8. c3
O-O 9. h3 Nb8 10. d4 Nbd7 11. Nbd2 Bb7 12. Bc2 Re8 13. a4 Bf8 14. Bd3 c6 15.
Qb3 Nb6 16. axb5 cxb5 17. d5 Nfd7 18. Bf1 f5 19. c4 bxc4 20. Nxc4 fxe4 21. Nxb6
Qxb6 22. Qxb6 Nxb6 23. Nd2 Nxd5 24. Rxe4 Nc7 25. Rb4 Reb8 26. Rb6 d5 27. Nf3
Bc5 28. Rb3 Bd6 29. Rb6 Ne8 30. Bd2 e4 31. Ng5 Bc8 32. Rxb8 Rxb8 33. h4 Rxb2
34. Bc3 Rc2 35. Bd4 h6 36. Nh3 Nc7 37. g3 Ne6 38. Bb6 Rc6 39. Bxa6 Bxa6 40.
Rxa6 Kh7 0-1

[Event "II Trofeo Giorgio Porreca"]
[Site "Napoli ITA"]
[Date "2012.11.08"]
[Round "7"]
[White "Di Gennaro, Antonio"]
[Black "Iodice, Vincenzo"]
[WhiteElo "1666"]
[BlackElo "1673"]
[Result "1/2-1/2"]
[PlyCount "164"]
[EventDate "2012.09.20"]

1. e4 e5 2. Nf3 Nc6 3. Bb5 a6 4. Ba4 Nf6 5. O-O Be7 6. Re1 b5 7. Bb3 d6 8. c3
O-O 9. h3 Nb8 10. d4 Nbd7 11. Nbd2 Bb7 12. Bc2 Re8 13. Nf1 Bf8 14. Ng3 g6 15.
Bg5 c5 16. d5 c4 17. Qd2 Nc5 18. Nh2 h5 19. Nf3 Bc8 20. a4 bxa4 21. Bxa4 Nxa4
22. Rxa4 Bd7 23. Rxc4 Bb5 24. Rb4 Bg7 25. c4 Bd7 26. Rb3 Qc7 27. Rc1 a5 28. Be3
Ba4 29. Ra3 Bd7 30. c5 dxc5 31. Rxc5 Qb7 32. Rcxa5 Rxa5 33. Rxa5 Bf8 34. Bc5
Bg7 35. Qb4 Qc8 36. Ra7 Bh6 37. Qb6 Kg7 38. Qc7 Bf4 39. Qxc8 Rxc8 40. Be7 Rc1+
41. Kh2 Nxe4 42. Bh4 Bf5 43. b4 g5 44. Bxg5 Nxg5 45. Nxg5 Kg6 46. Nxf7 h4 47.
d6 hxg3+ 48. fxg3 Be3 49. Nxe5+ Kf6 50. Re7 Rd1 51. Ng4+ Bxg4 52. Rxe3 Bd7 53.
g4 Rxd6 54. Kg3 Rd2 55. Rf3+ Ke7 56. Rf2 Rd4 57. Rb2 Rd3+ 58. Kh4 Kf6 59. b5
Bc8 60. b6 Bb7 61. Rf2+ Kg6 62. Rb2 Rd6 63. g3 Rd8 64. Rb5 Bd5 65. g5 Be6 66.
g4 Rb8 67. b7 Bd7 68. Rb6+ Kg7 69. Kg3 Kh7 70. h4 Ba4 71. h5 Bc2 72. g6+ Kg7
73. g5 Be4 74. h6+ Kg8 75. Kf4 Rxb7 76. Rxb7 Bxb7 77. Ke5 Bc6 78. Kf6 Bd5 79.
Ke7 Be4 80. g7 Bg6 81. Kf6 Bh7 82. g6 Bxg6 1/2-1/2